Statistics for Spell the Marvel Character #117

Click here to take the quiz!

General Stats

  • This quiz has been taken 9 times
  • The average score is 7 of 9

Answer Stats

Answer% Correct
Deadpool
100%
Spider-Gwen
100%
Adam Warlock
86%
Old Man Logan
86%
Rocket Raccoon
86%
Lockheed
71%
Reptil
71%
Star-lord
71%
Texas Twister
29%

Score Distribution

Percentile by Number Answered

Percent of People with Each Score

Your Score History

You have not taken this quiz